Les ennemis principaux des films Pokémon - Statistiques

Statistiques générales
  • Ce quiz a été pris 22 fois
  • Le résultat moyen est 7 sur 22
Statistiques - réponses
Film Pokémon Antagoniste principal % Correct
Mewtwo contre-attaque Mewtwo
100%
Mewtwo contre-attaque:évolution Mewtwo
100%
Le Sort des Zarbi Entei
76%
Kyurem vs la Lame de la Justice Kyurem
59%
Genesect et l'Eveil de la légende Genesect
53%
Hoopa et le Choc des légendes Hoopa
53%
L'Ascension de Darkrai Baron Alberto
47%
Jirachi, le génie des voeux Butler
35%
Celebi, la voix de la forêt Fantôme
18%
Pokémon Ranger et le Temple des Mers Fantôme
18%
Zoroark, le maître des illusions Kodai
18%
Arceus et le Joyau de vie Marcus
18%
Giratina et le Gardien du ciel Zéro
18%
Volcanion et laMerveille mécanique Alva
12%
Les Héros Pokémon Annie et Oakley
12%
Je te choisis! Corix
12%
Blanc-Victini et Zekrom Damon
12%
Noir-Victini et Reshiram Damon
12%
Les Secrets de la jungle Dr.Zed
12%
Le Pouvoir est en toi Gelardan
12%
Diancie et le Cocon de l'annihilation Mila d'Acier, Richard d'Acieret Marissa
12%
Pokémon:Détective Pikachu Howard
6%
Aucun quiz correspondant
Distribution des résultats
% des personnes avec chaque résultat
Percentile par nombre de réponses
Votre historique - résultats
Vous n’avez pas pris ce quiz